Statistics for 福建省地图 Fujian Map Quiz

Click here to take the quiz!

General Stats

  • This quiz has been taken 1 667 times
  • The average score is 8 of 9

Answers on the Map

Answers color-coded by a green-red scale on the quiz's map according to % correct below.
 

Answer Stats

区划% Correct
福州市
99%
厦门市
99%
泉州市
93%
漳州市
89%
莆田市
87%
三明市
84%
宁德市
78%
龙岩市
77%
南平市
74%

Score Distribution

Percentile by Number Answered

Percent of People with Each Score

Your Score History

You have not taken this quiz